Score 0/12 Timer 01:00
0 Plays Today
% Correct
Thing
98.7%
Jacob
97.6%
Time
96%
Rose
95.6%
Street
94%
Number
93.1%
Harlem
92.5%
Léon
92%
Hall
86.2%
Valley
78.6%
Bronx
78.1%
Hawk
77.2%

Today's Daily Dose

You're not logged in!

Compare scores with friends on all Sporcle quizzes.
OR
Log In

Sporcle TV

Today on Sporcle TV


Watch our educational content, quiz creation guides, and fun videos on Sporcle TV.

Show Comments

Extras

Top Quizzes Today


Score Distribution

Paid Content

Your Account Isn't Verified!

In order to create a playlist on Sporcle, you need to verify the email address you used during registration. Go to your Sporcle Settings to finish the process.

Report this User

Report this user for behavior that violates our Community Guidelines.

Details: